00515 2200193 4500001002100000005001500021035002000036007000300056008004100059020002200100082001100122084001700133100001400150245004200164250001100206260004700217300003700264650002000301INLIS00000000000116820210929071721 a0010-0921000067ta210929 e 0 ind  a978-602-04-8596-6 a2X0.01 a2X0.01 NIA i0 aNia Anita1 aIbu, Kafahkan Madrasahmu /cNia Anita aCet. 1 aJakarta :bPT Elex Media Komputindo,c2018 aviii + 156 hlm. ;c14 cm x 21 cm amotivasi islami